000 00648nam a2200229Ia 4500
003 OSt
005 20220928104238.0
006 a|||||r|||| 00| 0
007 ta
008 220927b |||||||| |||| 00| 0 eng d
024 _a50343
037 _cTextual
040 _aSDCL
_cSDCL
_beng
041 _2eng
_aeng
082 _aV51:73'C8, L0
100 _aCunningham A
245 0 _aCoins of Alexander's successors in the East
_b The Greeks and Indo-Scythians.
260 _aDelhi
_bIndological Book House.
_c1970
300 _a274p.
_ccm.
942 _hV51:73'C8, L0
_cTEXL
_2CC
999 _c725346
_d725346